000
nam a22 7a 4500
999
_c
52947
_d
52947
003
OSt
005
20220711110755.0
008
220711b xxu||||| |||| 00| 0 eng d
040
_c
IIMT UNIVERSITY MEERUT
100
_a
SHAH, K.K.
245
_a
INTRODUCTION TO ELECTROMAGNETICS
260
_b
DHANPAT RAI
300
_a
570-B
942
_2
ddc
_c
09